| 000 -ლიდერი |
| ფიქსირებული სიგრძის საკონტროლო ველი |
01435nam a2200241Ia 4500 |
| 001 - საკონტროლო ნომერი |
| საკონტროლო ველი |
4335 |
| 003 - საკონტროლო ნომრის იდენტიფიკატორი |
| საკონტროლო ველი |
GE_BSU |
| 005 - ბოლო ოპერაციის თარიღი და დრო |
| საკონტროლო ველი |
20191009123353.0 |
| 008 - ფიქსირებული სიგრძის მონაცემთა ელემენტები - ზოგადი ინფორმაცია |
| ფიქსირებული სიგრძის საკონტროლო ველი |
181216s1983||||ge |||||||||||||| ||geo|| |
| 040 ## - კატალოგიზაციის წყარო |
| Transcribing agency |
GE_BSU |
| 041 ## - ენის კოდი |
| Language code of text/sound track or separate title |
geo |
| 080 ## - უნივერსალური ათობითი კლასიფიკაციის ინდექსი |
| Universal Decimal Classification number |
821.353.1–91–1 ქ–27 |
| 245 ## - ცნობა სათაურის შესახებ |
| Title |
ქართული ხალხური პოეზია : |
| Remainder of title |
ტ. 10. შრომის ლექსები / |
| Statement of responsibility, etc |
ტომი შეადგინეს, ვარიანტები და შენიშვნები დაურთეს: თამარ ოქროშიძემ და ფიქრია ზანდუკელმა. მთ. რედ. : მ. ჩიქოვანი. |
| 264 ## - წარმოების, გამოცემის, დისტრიბუციის და სხვა ცნობები |
| გამოცემის, წარმოების, დისტრიბუციის... ადგილი |
თბილისი : |
| გამოცემის, წარმოების, დისტრიბუციის... სახელწოდება |
მეცნიერება, |
| გამოცემის, წარმოების, დისტრიბუციის... თარიღი |
1983. |
| 300 ## - ფიზიკური აღწერა |
| Extent |
660 გვ. : |
| Other physical details |
22 სმ. |
| 501 ## - შენიშვნა თანმხლებ მასალაზე |
| With note |
ლექსიკონი: გვ. 601-616. - საძიებლები: გვ. 617-661. |
| 653 ## - INDEX TERM--UNCONTROLLED |
| Uncontrolled term |
ქართული ხალხური პოეზია |
| 700 ## - ADDED ENTRY--PERSONAL NAME |
| Personal name |
ჩიქოვანი, მ. |
| Relator term |
რედაქტორი |
| 9 (RLIN) |
4648 |
| 700 ## - ADDED ENTRY--PERSONAL NAME |
| Personal name |
ოქროშიძე, თ. |
| Relator term |
შემდგენელი |
| 9 (RLIN) |
4649 |
| 700 ## - ADDED ENTRY--PERSONAL NAME |
| Personal name |
ზანდუკელი, ფ. |
| Relator term |
შემდგენელი |
| 9 (RLIN) |
4650 |
| 710 ## - ADDED ENTRY--CORPORATE NAME |
| Corporate name or jurisdiction name as entry element |
საქ. სსრ მეცნ. აკადემია. ქართ. ლიტ-რის ისტორიის ინ-ტი. |
| 9 (RLIN) |
4645 |
| 942 ## - ADDED ENTRY ELEMENTS (KOHA) |
| Koha item type |
წიგნი |
| Source of classification or shelving scheme |
|